000
00342nam a22001577a 4500
003
SGT
020
_a
978-81-8448-898-2
082
_a
617.3, M12H
100
_a
MALHOTRA, RAJESH
245
_a
MASTENING ORTHOPEDIC TECHNIQUES
250
_a
1ST
260
_a
JAYPEE
_b
DELHI
_c
2011
300
_a
641
650
_a
ORTHOPEDIC
942
_2
ddc
_c
BK
999
_c
8666
_d
8666